|
|
|
|
| LEADER |
00000cam a2200000 a 4500 |
| 001 |
vtls008356100 |
| 003 |
SK-MaSNL |
| 005 |
20260301044554.0 |
| 008 |
240314s1974 xo a p 001 0 cze |
| 015 |
|
|
|a SNBA1974/09-02522
|
| 035 |
|
|
|a SK01SNK19740048317
|
| 035 |
|
|
|a SKM000050780
|
| 040 |
|
|
|a SNK
|b slo
|c SNK
|e AACR2
|
| 041 |
0 |
|
|a cze
|
| 044 |
|
|
|a xo
|c SK
|
| 080 |
|
|
|a 311.2:656.1(075.8)
|2 1981
|
| 080 |
|
|
|a 656.1:311.2(075.8)
|2 1981
|
| 100 |
1 |
|
|a Podloucký, Karel,
|d 1914-
|4 aut
|9 134154
|
| 245 |
1 |
0 |
|a Kurs základů statistiky a grafického znázorňování
|c Karel Podloucký
|
| 250 |
|
|
|a 2. vyd.
|
| 260 |
|
|
|a Bratislava
|b Alfa
|c 1974
|e Bratislava
|f Západoslovenské tlačiarne 42
|
| 300 |
|
|
|a 108, [1] s.
|b grafy, tab.
|c 4°
|
| 366 |
|
|
|e 100 výt.
|
| 490 |
1 |
|
|a Dočasná vysokoškolská učebnica
|
| 504 |
|
|
|a Bibliogr. Pozn.
|
| 650 |
0 |
7 |
|a štatistika
|2 SNKPH
|9 778
|
| 650 |
0 |
7 |
|a cestná doprava
|2 SNKPH
|9 1776
|
| 655 |
|
7 |
|a učebnice vysokých škôl
|2 SNKPH
|9 70191
|
| 830 |
|
0 |
|a Dočasná vysokoškolská učebnica
|9 279156
|
| 852 |
|
|
|a Slovenská národná knižnica v Martine
|b 10000
|h SB 21275
|
| 852 |
|
|
|a Slovenská národná knižnica v Martine
|b 10000
|h SB 21275 D1
|
| 958 |
|
|
|a OND
|
| 958 |
|
|
|a TL
|
| 958 |
|
|
|a NB
|
| 958 |
|
|
|a UV
|
| 958 |
|
|
|a CZ
|
| 958 |
|
|
|a RK
|
| 999 |
|
|
|c 596304
|d 598234
|
| 952 |
|
|
|a SNK
|b SNK
|y PREZ
|7 0
|p 17A0902187
|o snkSB 21275
|i snkKSP 6486/74
|0 0
|1 0
|4 0
|d 2014-04-25
|f 1
|l 0
|r 2025-03-24 00:00:00
|w 2026-02-23
|
| 952 |
|
|
|a SNK
|b SNK
|y VYP
|7 0
|o snkSB 21275 D1
|i snkKSP 6487/74
|0 0
|1 0
|4 0
|d 2014-04-25
|l 0
|r 2026-02-23 15:39:29
|w 2026-02-23
|